Türkiye'nin ihracatında uzun vadeli bir perspektif ve öneriler (Record no. 5656)
[ view plain ]
| 000 -BAŞLIK | |
|---|---|
| Sabit Uzunlukta Kontrol Alanı | 00766na a2200253 4500 |
| 001 - KONTROL NUMARASI | |
| Denetim Alanı | 21034 |
| 003 - KONTROL NUMARASI IDENTIFIER | |
| Denetim Alanı | MIRAKIL |
| 005 - SON İŞLEM TARİHİ VE ZAMANI | |
| Denetim Alanı | 20181213155043.0 |
| 008 - SABİT-BOY VERİ ELEMANLARI - GENEL BİLGİLER | |
| Sabit Uzunlukta Kontrol Alanı | 170130b tu 000 0 |
| 020 ## - ULUSLARARASI STANDART KİTAP NUMARASI | |
| Uluslararası Standart Kitap Numarası | 9757249254 |
| 040 ## - KATALOGLAMA KAYNAK | |
| Orijinal Kataloglama Ajansı | Milas |
| Kataloglama Dili | tur |
| Metne Dönüştürmek Ajansı | TR-AnCHP |
| 041 ## - DİL KODU | |
| Metin / Ses Parça Veya Ayrı Başlığın Dil Kodu | tur |
| 082 ## - DEWEY ONLU SINIFLANDIRMA NUMARASI | |
| Sınıflandırma Numarası | 382.6 |
| Ürün Numarası | T96 1996 |
| 090 ## - SINIFLAMA NUMARASI | |
| Sınıflama Numarası | 382.6 T96 1996 |
| 245 ## - BAŞLIK TABLOSU | |
| Başlık | Türkiye'nin ihracatında uzun vadeli bir perspektif ve öneriler |
| Sorumluluk Tablosu, Vb | TÜSİAD |
| 260 ## - YAYIN, DAĞITIM, VB | |
| Yayın, Dağıtım, Vb Yeri | İstanbul |
| Yayıncı, Dağıtıcı, Vs Adı | TÜSİAD |
| Yayın, Dağıtım, Vb Tarihi | 1996 |
| Üretici Firma | Ajans medya reklamcılık A.Ş. |
| 300 ## - FİZİKSEL TANIM | |
| Kapsam | 122 s. |
| Diğer Fiziksel Ayrıntıları | tbl. |
| Boyutlar | 30 sm. |
| 490 ## - SERİSİ TABLOSU | |
| Seri Beyanı | TÜSİAD |
| Hacim / Ardışık Tanımı | T\96 - 1\195 |
| 504 ## - KAYNAKÇA VB NOT | |
| Kaynakça Vb Notu | Kaynakça var. |
| 650 ## - KONU KATMA GİRİŞ - TOPİKAL DÖNEM | |
| Topikal Süreli Veya Coğrafi Ad Giriş Elemanı | Türkiye |
| Genel Alt Bölümü | Dış Ticaret |
| 650 ## - KONU KATMA GİRİŞ - TOPİKAL DÖNEM | |
| Topikal Süreli Veya Coğrafi Ad Giriş Elemanı | Türkiye |
| Genel Alt Bölümü | Ticaret |
| 710 ## - KATMA GİRİŞ - KURUMSAL ADI | |
| Giriş Elemanı Olarak Kurumsal Ad Veya Yargı Alanı Adı | Türk Sanayicileri ve İşadamları Derneği (TÜSİAD) |
| 942 ## - EKLENDİ GİRİŞ ELEMANLARI (KOHA) | |
| Sınıflandırma Veya Raf Düzeni Kaynak | |
| Koha Öğesi Türü | Books |
| 999 ## - SİSTEM KONTROL NUMARALARI (KOHA) | |
| Koha Biblionumber | 5656 |
| Koha Biblioitemnumber | 5656 |
| Kalıcı Konum | Mevcut Konum | Edinme Tarihi | Edinim Kaynak | Toplam Check-Out'Lar | Tam Çağrı Numarası | Barkod | Tarih Son Görülme | İtibaren Geçerli Fiyatlar | Koha Öğesi Türü |
|---|---|---|---|---|---|---|---|---|---|
| CHP Kütüphanesi | CHP Kütüphanesi | 01/30/2017 | Bağış | 382.6 T96 1996 | 012163 | 01/30/2017 | 01/30/2017 | Books |
